Au coeur des révoltes arabes : Devenir révolutionnaires (notice n° 1925597)

détails MARC
000 -LEADER
fixed length control field 01913cam a2200145 4500500
005 - DATE AND TIME OF LATEST TRANSACTION
control field 20260329023224.0
041 ## - LANGUAGE CODE
Language code of text/sound track or separate title fre
042 ## - AUTHENTICATION CODE
Authentication code dc
100 10 - MAIN ENTRY--PERSONAL NAME
Personal name Allal, Amin
Relator term author
245 00 - TITLE STATEMENT
Title Au coeur des révoltes arabes : Devenir révolutionnaires
260 ## - PUBLICATION, DISTRIBUTION, ETC.
Name of publisher, distributor, etc. Armand Colin,<br/>
Date of publication, distribution, etc. 2013.<br/>
520 ## - SUMMARY, ETC.
Summary, etc. On s’est beaucoup interrogé sur le pourquoi du « Printemps arabe » mais aucun ouvrage n’avait encore étudié comment il s’était déroulé. Parce que la plupart des chercheurs ici réunis ont observé les événements en direct, ce livre offre une véritable ethnographie des protestations « en train de se faire ».Les contributions portent sur les pays qui ont connu un changement de régime (Tunisie, Égypte, Yémen, Libye) mais également sur ceux où la répression a permis aux pouvoirs en place de se maintenir au moins temporairement (Syrie, Bahreïn) et sur ceux où les protestations n’ont pas débouché sur une situation révolutionnaire (Maroc, Algérie, Jordanie). L’approche adoptée par les auteurs permet de rendre pleinement compte de la spécificité de chacun des contextes étudiés, montrant comment l’élan révolutionnaire, qui balaie alors le monde arabe, connaît des traductions locales très diverses. L’étude de ces révolutions montre aussi qu’elles ne sont pas une simple éruption spontanée qui viendrait réveiller une société jusque-là apathique mais qu’elles s’enracinent dans l’histoire des contestations de chacun des pays concernés.Les « témoignages analytiques » proposés ici constituent une source très précieuse pour ceux qui s’efforcent de mieux comprendre le plus grand bouleversement politique survenu dans le monde arabe depuis l’ère des indépendances.
700 10 - ADDED ENTRY--PERSONAL NAME
Personal name Pierret, Thomas
Relator term author
856 41 - ELECTRONIC LOCATION AND ACCESS
Uniform Resource Identifier <a href="https://shs.cairn.info/au-coeur-des-revoltes-arabes--9782200285555?lang=fr&redirect-ssocas=7080">https://shs.cairn.info/au-coeur-des-revoltes-arabes--9782200285555?lang=fr&redirect-ssocas=7080</a>

Pas d'exemplaire disponible.

PLUDOC

PLUDOC est la plateforme unique et centralisée de gestion des bibliothèques physiques et numériques de Guinée administré par le CEDUST. Elle est la plus grande base de données de ressources documentaires pour les Étudiants, Enseignants chercheurs et Chercheurs de Guinée.

Adresse

627 919 101/664 919 101

25 boulevard du commerce
Kaloum, Conakry, Guinée

Réseaux sociaux

Powered by Netsen Group @ 2025